00329nam a2200121 i 450000100060000000300090000600700030001500800410001810000200005924500680007926000390014785200210018689291ES-MaACLt|050105s1911 fr ||||1| fre d1 aLapauze, Henry.10aIngres b: su vie & son oeuvre : (1780-1867) / cHenry Lapauze. aParís : bGeorges Petit, c1911. aES-MaACLjG-5012